00442nam a22001697a 450000500170000001000150001702000270003203500140005903700090007308200080008210000180009024500350010825000060014326000540014927000500020330000190025320250911170905.0 aENG-145495 c650.00a978-9355017468 aEN-129027 bDBAD a000 aAggarwal, R.S aSSC Mathematics/cR.S Aggarwal a1 aUttar PradeshbS Chand and Company Limited c2025 bUttar PradeshaD-92, Sector-2, Noida e201301 avpp.c25cm(pb)